| 000 | 00466nam a2200145 i 4500 | ||
|---|---|---|---|
| 001 | 63891 | ||
| 003 | ES-MaACL | ||
| 007 | t| | ||
| 008 | 031217s1984 sp ||||1| spa d | ||
| 245 | 0 | 4 |
_aLos Filósofos racionalistas y empiritistas _b: selección de textos / _cselección y traducción de José García Roca. |
| 260 |
_aValencia : _bGules, _c[1984] |
||
| 300 |
_a240 p. ; _c24 cm. |
||
| 700 | 1 |
_aGarcía Roca, José. _955189 |
|
| 852 |
_aES-MaACL _jL-6733 _bR.107755 |
||
| 999 |
_c63891 _d63891 |
||